Programowanie rozwoju i zarzadzanie gospodarka zywnosciowa
Na minha lista:
| Autor principal: | |
|---|---|
| Outros Autores: | , |
| Formato: | Livro |
| Idioma: | polonês |
| Publicado em: |
Warszawa
Wyd. Rolnicznei Lesne
1985
|
| Edição: | 1. wyd. |
| Tags: |
Sem tags, seja o primeiro a adicionar uma tag!
|
MARC
| LEADER | 00000nam a2200000 4500 | ||
|---|---|---|---|
| 001 | c029446 | ||
| 005 | 20221220080122.1 | ||
| 041 | 0 | |a pol | |
| 044 | |a PL | ||
| 245 | 1 | 0 | |a Programowanie rozwoju i zarzadzanie gospodarka zywnosciowa |c Wieslaw Gawron, Tomasz Lonc, Augustyn Wos |
| 250 | |a 1. wyd. | ||
| 264 | 1 | |a Warszawa |b Wyd. Rolnicznei Lesne |c 1985 | |
| 300 | |a 159 s. | ||
| 100 | 1 | |a Gawron, Wieslaw | |
| 700 | 1 | |a Lonc, Tomasz | |
| 700 | 1 | |a Wos, Augustyn | |